000 00467cam a2200181ua 4500
020 _c2.00
041 _amal
_h
082 _a894.81280355
_bMEN/MO
100 _aMenon, K P S .
245 _aMoonnu vankarakaliloode Part-2 /
_cK P S Menon.
_hTextual Documents
250 _a1 /
_b.
260 _aKottayam :
_bSahitya Pravarthaka Co-operative Society ,
_c1966.
300 _a162 ; .
365 _a2.00
504 _a
942 _cBK
999 _c6684
_d6684